Le Probléme Allemand en Tchécoslovaquie
| Main Author: | |
|---|---|
| Format: | Book |
| Language: | English |
| PhysicalDescription: | 95 s. |
| Published: |
Praha
Orbis
1936
|
MARC
| LEADER | 00000nam a2200000 a 4500 | ||
|---|---|---|---|
| 001 | vtls008640833 | ||
| 003 | SK-MaSNL | ||
| 005 | 20260302052056.0 | ||
| 008 | 240315 000 0 eng | ||
| 040 | |a SNK |b slo |c SNK |e AACR2 | ||
| 100 | 1 | |a Chmelař, Josef, |d 1885-1969 |4 aut |9 209434 | |
| 245 | 1 | |a Le Probléme Allemand en Tchécoslovaquie | |
| 260 | |a Praha |b Orbis |c 1936 | ||
| 300 | |a 95 s. | ||
| 999 | |c 1103721 |d 1105651 | ||
| 952 | |a SNK |b SNK |y PREZ |7 0 |p 17A0504448 |o snkSD 13266 |i snk3427/57 |3 rekatalogizácia |0 0 |1 0 |4 0 |d 2006-03-30 |l 0 |r 2025-11-26 00:00:00 |w 2026-02-24 | ||


